Представление документа в формате RUSMARC

ПолеНазваниеЗначение
  Тип записи a
  Библиографический уровень a
001 Контрольный номер RU/CBS_UL/BASE/002680b9c25541b4b5972fa224eda21b
005 Дата корректировки 20260323181138.6
100 Данные общей обработки __
a Данные общей обработки 20260323 ||| 0rusy0189 ca
101 Язык документа 0_
a Язык текста rus
102 Страна публикации __
a Страна публикации RU
200 Заглавие и сведения об ответственности 1_
a Заглавие Юлия Тимошина в родной стихии
e Сведения, относящиеся к заглавию [о российской прыгунье в воду Ю. Тимошиной]
f Первые сведения об ответственности А. Любимов
300 Общие примечания __
a Общие примечания 12+
461 Уровень набора _0
1 2000
a Физкультура и спорт
463 Уровень физической единицы _0
1 2000
a № 8
v С. 21 : фот.
1 2101
d 2025
1 001RU/CBS_UL/BASE/1c0ca4c811d2446ab62609afad308199
600 Персоналии _1
a Персоналии (Фамилия) Тимошинина
b Персоналии (Имя, инициалы) Ю.В.
606 Тематические рубрики 0_
a Основная рубрика Тимошинина, Юлия Владимировна (1998)
610 Ключевые слова 0_
a Ключевые слова прыжки в воду, российские спортсмены, биографические сведения, спортивные достижения, профессиональные перспективы
686 Индексы других классификаций __
2 Код системы rubbk
a Классификационный индекс 75.717.6
700 Автор _1
a Фамилия Любимов
b Имя (инициалы) А.
801 Источник записи _0
a Страна RU
b Организация МБУК ЦБС г. Ульяновска
c Дата составления 20260323
g Правила каталогизации RCR
801 Источник записи _1
a Страна RU
b Организация МБУК ЦБС г. Ульяновска
c Дата составления 20260323
g Правила каталогизации RCR
901 Тип документа __
t Тип документа b
w Контрольный № источника RU/CBS_UL/BASE/1c0ca4c811d2446ab62609afad308199
909 Создатель записи __
a Создатель записи lib1